Responses for show #8235 - Friday, June 12, 2020

Last game of Season 36. Season ended early due to the COVID-19 pandemic.

Contestants

Matt Napolitano, a sports update anchor from Franklin Square, New York

Kelly Lake, an animation producer from Altadena, California

Zach Newkirk, an attorney from Alexandria, Virginia (whose 3-day cash winnings total $65,674)

Jeopardy! Round responses

CLASSIC AUTOMOBILES
THE SPEAKER IN SHAKESPEARE
TABLE TALK
CELEBRITY EXES
WORDS & PHRASES
INSIDE OF ME
    $200 17
the Model T

Kelly
    $200 9
Hamlet

Kelly
    $200 2
[NOTE: Matt gave both responses.]

times table (multiplication table)

Matt
    $200 3
Gwyneth Paltrow

Matt
    $200 22
to coin

Kelly
    $200 1
the cerebrum

Triple Stumper
    $400 18
a muscle car

Zach
    $400 10
the witches of Macbeth

Zach
    $400 6
a turntable

Kelly
    $400 4
Pamela Anderson

Kelly
    $400 23
a faux pas

Zach
    $400 27
the ovaries

Matt
    $600 19
Jaguar

Kelly
    $600 11
Petruchio

Kelly
    $600 14
Mesa

Matt
    $600 5
(Chris) Pratt

Zach
    $600 24
(Alex: Yes, you got that one; good for you.)
(Zach: Shocker.)
[Laughter]

legalese

Zach
    $600 28
your lungs

Triple Stumper
    $800 20
the Corvette

Kelly
    $800 12
King Lear

Zach
    $800 15
NaCl

Kelly
    $800 7
Heidi Klum

Kelly
    $1,600 25
(Zach: What is... what's a mistake? I don't know.)

a mixed metaphor

Zach
    $800 29
the appendix

Zach
    $1000 21
Mercedes

Triple Stumper
    $1000 13
Juliet

Kelly
    $1000 16
Oliver Wendell Holmes Sr.

Kelly
    $1000 8
(Joe) DiMaggio

Kelly
    $1000 26
to enunciate

Kelly
    $1000 30
your spleen

Triple Stumper

Scores at the first commercial break (after clue 15):

Zach Kelly Matt
$1,800 $5,200 $1,000

Scores at the end of the Jeopardy! Round:

Zach Kelly Matt
$2,400 $9,000 $1,400
The J! Archive is created by fans, for fans. The Jeopardy! game show and all elements thereof, including but not limited to copyright and trademark thereto, are the property of Jeopardy Productions, Inc. and are protected under law. This website is not affiliated with, sponsored by, or operated by Jeopardy Productions, Inc. Join the discussion at JBoard.tv.